000 00585nam a22001697a 4500
003 OSt
005 20250710112957.0
008 250710b |||||||| |||| 00| 0 eng d
040 _cAIMIT LIBRARY
100 _aK S, Leesha.
_e222113
_9218011
245 _aEnhancing insurance risk models with Traffic Violation Analysis /
_cBy Leesha K S.
260 _aMangalore ;
_c2024.
700 _aT, Vanitha.
_eMentor
_9218012
700 _aHemalatha.
_eGuide
_9218013
856 _3CMS Computers Limited Kaycee Industries Compound Bhandup, Mumbai, Maharashtra /
_uwww.ems.co.in
942 _2ddc
_cPRO
999 _c234609
_d234609